MARC

LEADER 00000nam0a2200000 4500
001 372740
005 20231101050356.0
035 |a (RuTPU)RU\TPU\retro\30165 
035 |a RU\TPU\book\202196 
090 |a 372740 
100 |a 20221215d1979 km y0rusy50 ca 
101 0 |a rus 
102 |a RU 
105 |a a z 001zy 
200 1 |a О природе разрушения поверхности металлов при трении  |f Е. А. Марченко  |g Академия наук СССР (АН СССР), Институт машиноведения им. А. А. Благонравова (ИМАШ) 
210 |a Москва  |c Наука  |d 1979 
215 |a 118 с.  |c ил. 
320 |a Библиогр.: с. 109-116. 
610 1 |a металлы 
610 1 |a металловедение 
610 1 |a трение 
610 1 |a поверхности 
610 1 |a разрушение 
675 |a 669:539.3/.6  |v 3 
700 1 |a Марченко  |b Е. А.  |g Елена Алексеевна 
712 0 2 |a Академия наук СССР (АН СССР)  |b Институт машиноведения им. А. А. Благонравова (ИМАШ)  |c (Москва)  |2 stltpush  |3 (RuTPU)RU\TPU\col\13568 
801 1 |a RU  |b 63413507  |c 20101027 
801 2 |a RU  |b 63413507  |c 20221215  |g RCR 
942 |c BK